000 00661nam a2200241Ia 4500
003 OSt
005 20220918223100.0
006 a|||||r|||| 00| 0
007 ta
008 220917b |||||||| |||| 00| 0 eng d
024 _a220,257
037 _cTextual
040 _aARTS
_cARTS
_beng
041 _2eng
_aeng
082 _aZ1,215, M3
100 _aOxman Bernard H ed
_9144856
245 0 _aLaw of the sea
_b U S policy dilemma ed Benard H Oxman and other
260 _aCalifornia
_bI C S Press
_c1983
300 _a184p.
_ccm.
650 _aLAW
_97240
942 _hZ1,215, M3
_cTEXL
_2CC
999 _c277390
_d277390